| 000 | 00494nam a2200193Ia 4500 | ||
|---|---|---|---|
| 008 | 220204s9999 xx 000 0 und d | ||
| 082 |
_a631.53 _bHAR;1 |
||
| 100 | _aHARTMANN, Hudson T | ||
| 245 | 0 | _aPlant propagation: Principles and practices | |
| 250 | _aEd.2 | ||
| 260 |
_aNew Jersey _bPrentice Hall _c1959 |
||
| 650 | _aBudding | ||
| 650 | _aGrafting | ||
| 650 | _aLayering | ||
| 650 | _aMicropropagation | ||
| 650 | _aPlant propagation | ||
| 700 | _aKESTER, Dale E | ||
| 942 | _cBK | ||
| 999 |
_c21385 _d21385 |
||